| 000 | 00772nam a2200229Ii 4500 | ||
|---|---|---|---|
| 003 | JO-AjNU | ||
| 008 | 230605s9999||||xx |||||||||||||| ||und|| | ||
| 017 | _a2407/6/2011 | ||
| 020 | _a978-9957-19-04-1-5 | ||
| 040 |
_aJO-AjNU _bara _erda _cJO-AjNU |
||
| 041 | _aara | ||
| 050 | 1 | 4 | _aPJ7521.M36 2011 |
| 100 | 3 |
_aعرار، مصطفى وهبي التل؛ عيسى الناعوري؛ حسن الكرمي وأخرون , _eauthor _949620 |
|
| 245 | 0 | 0 | _aمنارات ثقافية |
| 250 | _aط1 | ||
| 264 | 3 | 1 | _aعمان: دار الفارس للنشر والتوزيع، 2011 |
| 300 | _a158ص | ||
| 336 |
_atext _btxt _2rdacontent |
||
| 337 |
_aunmediated _bn _2rdamedia |
||
| 338 |
_avolume _bnc _2rdacarrier |
||
| 650 | 4 |
_aالأدباء العرب-تراجم _949621 |
|
| 999 |
_aA21805 _c25373 _d25373 |
||